000 00599nam a2200217Ia 4500
003 GCL
008 140319s9999 xx 000 0 ara d
040 _aGCL /
_cGCL
082 0 4 _a792.82
_bى ع
100 1 _aيوسف فرنسيس
245 1 0 _aعرائس الخيال /
_cيوسف فرنسيس
260 _a[S.N] :
_bالهيئة المصرية العامة للكتاب ،
_c1971
300 _a95 ص
490 _a
650 0 4 _aتاريخ
650 0 4 _aالرقص
650 0 4 _aالاوبرا
650 0 4 _aالبالية
650 0 4 _aالبالية الراقص
942 _2ddc
_cBK
999 _c32562
_d32562